000 00644nam a2200253Ia 4500
005 20260306153824.0
008 008 260114s9999 xx 000 0 eng d
020 _a9780748691746
037 _aEBOOK
040 _aCRL
040 _beng
040 _cCRL
041 _2eng
041 _aeng
084 _qCRL
100 _aArnason/Karolewski
_91126300
245 0 _aReligion and Politics 1st ed
260 _bEdinburgh University Press
260 _c2014
650 _aPolitical Science
856 _uhttps://www.cambridge.org/core/product/identifier/9780748691746/type/BOOK
942 _cEBOOK
999 _c1705037
_d1705037